Koirarodut maittain - Saksa - Statistics

Yleistilastot
  • Tätä visaa on pelattu 34 kertaa
  • Keskiarvotulos 8 / 12
Vastaustilastot
Kuvavisa Vastaus % Oikein
mäyräkoira
94%
saksanpaimenkoira
94%
rottweiler
90%
saksanpystykorva
87%
dobermanni
81%
snautseri
77%
tanskandoggi
74%
bokseri
71%
pinseri
61%
weimarinseisoja
48%
lyhytkarvainen saksanseisoja
42%
hannoverinvihikoira
10%
Ehtoja vastaavia visoja ei löytynyt
Tulosjakauma
Jokaisen tuloksen saaneiden osuus
Persentiili vastausten määrän mukaan
Tuloshistoriasi
Et ole pelannut tätä visaa